000
00317nam a22001217a 4500
008
180511b xxu||||| |||| 00| 0 eng d
041
_a
eng
080
_a
043.3
100
_a
0
101
_a
SHKI-BTH
245
_a
Krahasimi i metodave Agile dhe Waterfall te zhvillimit te Softuerëve
_c
Fishekçiu,F
942
_2
udc
_c
BK
999
_c
45698
_d
45698